Pokémon - Characters in Pokémon Scarlet/Violet - Statistics

General Stats
  • This quiz has been taken 21 times
  • The average score is 32 of 43
Answer Stats
Hint Answer % Correct
Rival Arven
100%
Rival Nemona
100%
Rival Penny
100%
Gym Leader Larry
94%
Elite Four Larry
94%
Top Champion Geeta
88%
Gym Leader Grusha
88%
Gym Leader Iono
88%
Rival Kieran
88%
Elite Four Rika
88%
Gym Leader Ryme
88%
Gym Leader Brassius
82%
Rival Carmine
82%
Team Star Boss Eri
82%
Gym Leader Katy
82%
Elite Four Poppy
82%
Professor Professor Sada
82%
Professor Professor Turo
82%
Gym Leader Tulip
82%
BB League Elite Four Crispin
76%
Academy Staff Jacq
76%
Gym Leader Kofu
76%
BB League Elite Four Lacey
76%
BB League Elite Four Amarys
71%
Team Star Boss Atticus
71%
BB League Elite Four Drayton
71%
Elite Four Hassel
71%
Academy Staff Hassel
71%
Academy Staff Tyme
71%
Team Star Boss Giacomo
65%
Female Protagonist Juliana
65%
Team Star Boss Mela
65%
Team Star Boss Ortega
65%
Photographer Perrin
65%
Academy Staff Briar
59%
Academy Staff Clavell
59%
Academy Staff Cyrano
59%
Male Protagonist Florian
59%
Academy Staff Saguaro
59%
Academy Staff Salvatore
53%
Academy Staff Dendra
47%
Academy Staff Miriam
47%
Academy Staff Rayfort
47%
No matching quizzes found
Score Distribution
Percent of People with Each Score
Percentile by Number Answered
Your Score History
You have not taken this quiz